| 000 | 00575nam a22002057a 4500 | ||
|---|---|---|---|
| 999 |
_c7650 _d7650 |
||
| 001 | 14532 | ||
| 003 | BD-DhUAP | ||
| 005 | 20210127154046.0 | ||
| 008 | 210127s2004 ii ||||| |||| 00| 0 eng d | ||
| 040 |
_aBD-DhUAP _bEng _cBD-DhUAP _dBD-DhUAP |
||
| 082 |
_223 _a341.2 GUP |
||
| 100 | _aGupta, S. P. | ||
| 245 |
_aInternational organisations / _cS. P. Gupta. |
||
| 250 | _a2nd ed. | ||
| 260 |
_aAllahabad : _bAllahabad Law Agency, _c2004. |
||
| 300 |
_axx, 304 pages ; _c22 cm. |
||
| 650 | _aInternational agencies. | ||
| 650 | _aInternational organization. | ||
| 942 |
_2ddc _cBK |
||